| 000 | 00693nam a2200217 a 4500 | ||
|---|---|---|---|
| 999 |
_c5217 _d5217 |
||
| 001 | 5210 | ||
| 003 | BD-JhCC | ||
| 005 | 20171210175944.0 | ||
| 008 | 171210s20012013bg a|||| ||a| 000 0 ben d | ||
| 035 | _a(BD-JhCC)5210 | ||
| 040 |
_aBD-JhCC _dBD-JhCC |
||
| 041 | _aben | ||
| 082 |
_a330 _bDAT 2001 |
||
| 100 | _aদত্ত, সত্যজিৎ | ||
| 245 |
_aঅর্থনীতি প্রথম পত্র একাদশ-দ্বাদশ শ্রেণী / _cদত্ত, সত্যজিৎ |
||
| 260 |
_aঢাকা : _bমল্লিক ব্রাদার্স, _c2001. |
||
| 300 |
_a244 p. : _c23 cm. |
||
| 650 | _aEconomics | ||
| 942 |
_2ddc _cBK |
||